000 00478nam a22001937a 4500
003 MPLRDC
005 20220104203041.0
008 210129b ||||| |||| 00| 0 eng d
020 _a978-986-342-888-6
082 _a544.3 LQY
100 _a吕秋远
245 _a请问吕律师
_c
250 _a初版
260 _a台湾
_b三采文化股份有限公司
_c2017
300 _b
520 _a新书上架 2018-05-16。
650 _a婚姻
942 _cBK
_o544.3 LQY
999 _c67940
_d67930